[Event "Olympiad-29"]
[Site "Novi Sad"]
[Date "1990.11.24"]
[Round "7"]
[White "Yudasin, Leonid"]
[Black "Fedorowicz, John P"]
[Result "1-0"]
[WhiteElo "2615"]
[BlackElo "2565"]
[Annotator "ChessBase"]
[PlyCount "75"]
[EventDate "1990.11.17"]
[EventType "team-swiss"]
[EventRounds "14"]
[EventCountry "YUG"]
[SourceTitle "TD"]
[Source "ChessBase"]
[SourceDate "1994.03.01"]
[SourceVersion "1"]
[SourceVersionDate "1994.03.01"]
[SourceQuality "1"]
[WhiteTeam "Soviet Union"]
[BlackTeam "US of America"]
[WhiteTeamCountry "URS"]
[BlackTeamCountry "USA"]

1. e4 c5 2. Nf3 d6 3. d4 cxd4 4. Nxd4 Nf6 5. Nc3 Nc6 6. Bc4 e6 7. Be3 Be7 8.
Qe2 O-O 9. O-O-O Bd7 (9... a6) (9... Qc7) 10. Bb3 $5 (10. Rhg1 Nxd4 11. Bxd4
Qa5 {Brunner-Christiansen, Novi Sad ol (1)}) (10. f4 Qc8 $5 11. Nf3 Qc7 12. Kb1
a6 13. Bd3 e5 14. f5 Nb4 15. Rhg1 d5 16. exd5 Nfxd5 $132 {Wolff,P-Dlugy,
Toronto 1989}) 10... Nxd4 (10... Qa5 11. g4 $5 Nxd4 12. Rxd4 $5 e5 13. Rd5 $5
$146 (13. Nd5 $5 exd4 (13... Nxd5 14. Rxd5) 14. Nxe7+ Kh8 15. Bxd4 Qg5+ 16. Be3
Qxg4 $146 17. f3 $40)) (10... Qb8 $5 11. g4 $140 Nxd4 12. Bxd4 b5 $132) 11.
Bxd4 Qa5 12. Rhg1 {P g4-g5,f4~/=} (12. Kb1 $5 Rfc8 13. f4 $40 {Soltis-Zaltsman,
New York 1983}) 12... b5 $2 (12... Bc6 13. g4 e5 14. Nd5 (14. g5 $142 $1 exd4
15. gxf6 Bxf6 16. Nd5 Bxd5 17. Bxd5 $1 $146) 14... Nxd5 15. exd5 Bb5 $13) (
12... Rfc8 13. g4 e5 $6 14. g5 exd4 15. gxf6 Bxf6 (15... dxc3 $2 16. Rxg7+ Kh8
17. Rd5 $18 {P h5}) 16. Nd5 Qd8 17. f4 $40) (12... Rac8 13. g4 e5 14. Be3 Rxc3
$1 $146 {Ivanov,Alexa-Dlugy, Philadelphia 1989}) 13. e5 $1 (13. g4 b4 14. g5
Ne8 $13 {Hennings-Navarovszky, Hungary 1970}) 13... dxe5 (13... Ne8 14. exd6
Bxd6 15. Be5 Bxe5 16. Qxe5 Bc6 17. Bxe6 $18) 14. Qxe5 $14 Rfc8 (14... Rfd8 $2
15. Nd5 $1 $18) (14... Bc6 $2 15. Bxe6 $18) (14... Ne8 15. Bc5 Bxc5 16. Rxd7
Qb6 $14) 15. g4 $1 Qc7 $8 16. g5 Ne8 (16... Nh5 17. Nd5 $1 $16) 17. Nd5 $1 Qxe5
$8 18. Nxe7+ Kf8 19. Bxe5 Kxe7 20. Rg4 $1 (20. Rg3 Bc6 21. Rh3 $6 Be4) 20...
Rc5 $6 (20... a5 21. c3 b4 22. Bc2 $16) 21. Bd4 Rf5 22. c3 $1 {P 23. c2 d5 24.
e4} h6 (22... f6 23. gxf6+ gxf6 24. Rh4 h5 25. Bc2 Rg5 26. f4 $18 {P h5}) (
22... Bc6 23. Bc2 Bf3 (23... Rd5 24. Be4 Rd6 25. Bc5) 24. Bxf5 Bxd1 25. Kxd1
exf5 26. Rh4 {P h7}) 23. gxh6 gxh6 24. Rh4 Nd6 (24... h5 25. Bc2 Rg5 26. f4 (
26. Be3 {P e4}) 26... Rg4 27. Rxg4 hxg4 28. Be4 $18 {P a7}) 25. Bc2 Rd5 26.
Rxh6 $18 Bc6 $8 27. Bf6+ Kd7 28. Rxd5 Bxd5 29. Rh8 $1 Rxh8 30. Bxh8 Ne4 (30...
Nf5 31. Bf6 $18 {P h4-h5} (31. Bxf5 exf5 32. b3 $18 {P h4,c4})) 31. Bd4 a6 32.
h4 Ke7 33. h5 f5 $8 34. h6 Ng5 (34... Nf6 35. Bb3 $1 Nh7 (35... Bxb3 36. Bxf6+
$18) 36. Bxd5 exd5 37. f4 $5 $18 {P g7, d2-e3-d4}) 35. f4 Nh7 36. Bd1 $1 Kf8
37. b3 Kg8 38. Bh5 {P g7, d2-e3-d4} 1-0

[Event "Bundesliga 9697"]
[Site "Germany"]
[Date "1996.??.??"]
[Round "?.1"]
[White "Onischuk, Alexander"]
[Black "Shirov, Alexei"]
[Result "0-1"]
[WhiteElo "2605"]
[BlackElo "2685"]
[Annotator "ChessBase"]
[PlyCount "136"]
[EventDate "1996.10.12"]
[EventType "team-tourn"]
[EventRounds "15"]
[EventCountry "GER"]
[SourceTitle "GER-chT"]
[Source "ChessBase"]
[SourceDate "1999.07.01"]
[SourceVersion "1"]
[SourceVersionDate "1999.07.01"]
[SourceQuality "1"]
[WhiteTeam "Magdeburg"]
[BlackTeam "Empor Berlin"]
[WhiteTeamCountry "GER"]
[BlackTeamCountry "GER"]

1. e4 {MultiMedia files not imported} c5 2. Nf3 d6 3. d4 Nf6 4. Nc3 cxd4 5.
Nxd4 Nc6 6. Bc4 e6 7. Be3 Be7 8. Bb3 O-O 9. Qe2 a6 10. O-O-O Qc7 11. Rhg1 Nd7
12. g4 Nc5 13. Nf5 b5 (13... exf5 $2) 14. Bd5 (14. Nxe7+ $11) 14... Bb7 15. g5
Rfc8 16. Rg3 Bf8 (16... Ne5) 17. Qh5 g6 18. Nh6+ Kh8 19. Qh4 b4 20. Bxc6 (20.
Ng4 $142 bxc3 21. Rh3 (21. Nf6 $2 h6) 21... f5 (21... h5 $2 22. Nf6 Bg7 23. Qg4
$18) 22. Nf6 h6 23. Qxh6+ Bxh6 24. Rxh6+ Kg7 25. Rh7+ Kf8 26. Rh8+ $11) 20...
bxc3 21. Bxc5 cxb2+ 22. Kb1 Bxc6 23. Rxd6 Ba4 24. Rc3 Bxd6 25. Bd4+ e5 26. Rxc7
Rxc7 27. Bxb2 Rb8 28. Ka1 Rxb2 29. Nxf7+ Rxf7 30. Kxb2 Rf3 31. Qg4 Ba3+ 32. Ka1
Rxf2 33. Qh3 Be7 34. Qc8+ Rf8 35. Qxa6 Bxc2 36. h4 Bc5 37. Kb2 Bxe4 38. Qe6
Rb8+ 39. Kc3 Bd4+ 40. Kc4 Bf5 41. Qf7 Rc8+ 42. Kd5 Bh3 43. h5 gxh5 44. Qf3 Bg4
45. Qf6+ Kg8 46. g6 hxg6 47. Qxg6+ Kf8 48. Qf6+ Ke8 49. Qg6+ Ke7 50. Qg7+ Kd8
51. Qf6+ Kc7 52. Qc6+ Kb8 53. Qb5+ Ka7 54. Qa5+ Kb7 55. Qb4+ Bb6 56. Kxe5 Rc5+
57. Kd6 Bc8 58. Qa4 Kb8 59. Qb4 Ka7 60. Qa4+ Ra5 61. Qc4 Bb7 62. a4 Rc5 63. Qb4
Rd5+ 64. Ke6 Bd8 65. Qxb7+ Kxb7 66. Kxd5 h4 67. Ke4 h3 68. Kf3 Bh4 0-1

[Event "WchT U26 08th"]
[Site "Maringa"]
[Date "1991.09.04"]
[Round "4"]
[White "Brunner, Lucas"]
[Black "Epishin, Vladimir"]
[Result "1/2-1/2"]
[WhiteElo "2505"]
[BlackElo "2615"]
[Annotator "Epishin,V"]
[PlyCount "65"]
[EventDate "1991.09.01"]
[EventType "team-swiss"]
[EventRounds "9"]
[EventCountry "BRA"]
[SourceTitle "EXT 2020"]
[Source "ChessBase"]
[SourceDate "2019.10.17"]
[SourceVersion "1"]
[SourceVersionDate "2019.10.17"]
[SourceQuality "1"]
[WhiteTeam "Switzerland"]
[BlackTeam "Soviet Union"]
[WhiteTeamCountry "SUI"]
[BlackTeamCountry "URS"]

1. e4 c5 2. Nf3 d6 3. d4 cxd4 4. Nxd4 Nf6 5. Nc3 Nc6 6. Bc4 e6 7. Be3 a6 8. Qe2
Na5 9. Bd3 b5 10. O-O-O b4 11. Nb1 Qc7 12. Nd2 Be7 13. g4 Nd7 14. f4 Nc5 15.
Kb1 Bd7 16. g5 O-O 17. f5 Rfc8 (17... e5 18. N4b3 Nxd3 19. cxd3 Nxb3 20. axb3
Rfc8 21. Nc4 {+=}) 18. fxe6 $6 (18. Rc1 $5) (18. N2f3 $5) 18... fxe6 19. e5 $2
(19. Rhf1) 19... Nxd3 20. exd6 Bxd6 (20... Qxd6 21. Qxd3 $1 Be8 22. Rhf1 $1 Bg6
23. Qe2 {=+}) 21. Qxd3 Be5 22. N2f3 Bxd4 23. Bxd4 (23. Nxd4 Nc4 {=+}) 23... Bb5
24. Qe4 Qc6 25. Rhe1 Qxe4 26. Rxe4 {=} Bc6 27. Rf4 $8 Rf8 28. Rxf8+ Rxf8 29.
Ne5 Be4 30. b3 Rc8 31. Rd2 Nc6 32. Nxc6 Rxc6 33. Kb2 1/2-1/2

[Event "Capablanca Memorial-A"]
[Site "Matanzas"]
[Date "1994.??.??"]
[Round "11"]
[White "Zapata, Alonso"]
[Black "Becerra Rivero, Julio"]
[Result "1-0"]
[WhiteElo "2565"]
[BlackElo "2480"]
[Annotator "Ernst,T"]
[PlyCount "103"]
[EventDate "1994.??.??"]
[EventType "tourn"]
[EventRounds "11"]
[EventCountry "CUB"]
[EventCategory "10"]
[SourceTitle "CBM 043"]
[Source "ChessBase"]
[SourceDate "1994.12.01"]
[SourceVersion "1"]
[SourceVersionDate "1994.12.01"]
[SourceQuality "1"]

1. e4 c5 2. Nf3 d6 3. d4 cxd4 4. Nxd4 Nf6 5. Nc3 Nc6 6. Bc4 e6 7. Be3 a6 8. Qe2
Qc7 9. Bb3 Be7 10. O-O-O Na5 11. g4 b5 12. g5 Nxb3+ 13. axb3 Nd7 14. Nf5 (14.
h4 b4 $13) 14... exf5 (14... b4 15. Nxg7+ $6 (15. Nxe7 bxc3 16. Nxc8 cxb2+ 17.
Kxb2 Rxc8 18. Rd2 $14 {Boleslavsky.}) 15... Kf8 16. Qh5 Kxg7 17. Bd4+ Kg8 $3 {
Wahls-Rechlis/Bern(zt)/1990/} 18. Nd5 $1 exd5 19. g6 fxg6 20. Qxd5+ Kf8 21.
Qxa8 $15) 15. Nd5 Qd8 (15... Qc6 $2 16. exf5 Ne5 17. f4 Bxf5 18. fxe5 Rc8 19.
c3 dxe5 20. Bf4 $16 {Hartmann,G-Breyther,R/BL/1987/}) 16. exf5 Bb7 17. f6 gxf6
(17... Bxd5 18. fxg7 Rg8 19. Rxd5 Rxg7 20. Re1 Rg6 $15 {Hector,J-Fishbein,A/
Kerteminde/1991/}) 18. gxf6 (18. Rhe1 Bxd5 19. Rxd5 Rg8 (19... O-O 20. gxf6
Bxf6 21. Rg1+ Kh8 22. Rh5 Bg7 23. Rxg7 $1 (23. Rxh7+ Kxh7 24. Qh5+ Kg8 $10 25.
Rxg7+ $10) 23... Kxg7 24. Qg4+ Kh8 25. Qf5 Nf6 26. Bd4 $18) 20. Bf4 Kf8 21. Qd2
(21. Qh5 Qa5 22. Kd1 (22. Qe2 Ne5 23. gxf6 Bxf6 24. Rxd6 Re8 $17 {Garber,
S-Fishbein,A/New York op/1991/}) 22... Qa1+ 23. Kd2 Qxb2 24. Qh6+ Rg7 25. Rxe7
Kxe7 26. Qxg7 Rc8 27. gxf6+ Ke8 28. Qxh7 Qc3+ $10 {Kaeser,U-Polajzer,D/Baden
Baden op/1988/}) 21... Rxg5 (21... fxg5 22. Bxd6 Bxd6 23. Rxd6 $14) 22. Bxg5
fxg5 23. h4 a5 $1 $17 {Hector-Fishbein/Stavanger/1991/} (23... Nf6 $2 24. Rxg5
Qd7 25. Rg3 $16 {Gobet,F-Trepp,M/SWZ-ch/1988/})) 18... Bxd5 19. Rxd5 Nxf6 20.
Rf5 $5 Rg8 (20... Qa5 21. Kb1 O-O-O 22. Bd4 Rhe8 23. Qf3 Nd7 24. Qa8+ Nb8 25.
Rxf7 $15) 21. Re1 Rb8 22. Bd4 Kd7 23. Qf3 Rg6 24. c3 Kc7 25. Kc2 $13 Rb7 26.
Ra1 Nd7 27. Rxa6 $44 Nc5 28. Qc6+ Kb8 29. Rxc5 $1 dxc5 30. Be5+ Bd6 31. Bxd6+
Rxd6 32. Qxd6+ Qxd6 33. Rxd6 $18 Re7 34. Kd3 Kc7 35. Rh6 Rd7+ 36. Ke2 Rd6 37.
Rxh7 Re6+ 38. Kf1 Rf6 39. Rh3 Kd6 40. Re3 Kd5 41. Ke2 b4 42. Rf3 bxc3 43. bxc3
Rb6 44. c4+ Ke4 45. Re3+ Kd4 46. f3 f5 47. Rd3+ Ke5 48. Ke3 Rb8 49. h4 Ke6 50.
Kf4 Rh8 51. Rd5 Rxh4+ 52. Ke3 1-0

[Event "RUS-Cup2"]
[Site "Moscow"]
[Date "1996.??.??"]
[Round "8"]
[White "Fedorov, Alexei"]
[Black "Kasimdzhanov, Rustam"]
[Result "1-0"]
[WhiteElo "2555"]
[BlackElo "2435"]
[Annotator "Fedorov,A"]
[PlyCount "73"]
[EventDate "1996.11.28"]
[EventType "swiss"]
[EventRounds "9"]
[EventCountry "RUS"]
[SourceTitle "CBM 056 Extra"]
[Source "ChessBase"]
[SourceDate "1997.03.01"]
[SourceVersion "1"]
[SourceVersionDate "1997.03.01"]
[SourceQuality "1"]

1. e4 c5 2. Nf3 d6 3. d4 cxd4 4. Nxd4 Nf6 5. Nc3 Nc6 6. Bc4 e6 7. Be3 a6 8. Qe2
Qc7 9. O-O-O Na5 10. Bd3 b5 11. a3 Bb7 12. g4 Rc8 13. g5 Nd7 14. Rhe1 Be7 15.
Qh5 g6 (15... O-O $6 16. Nxe6 $1 fxe6 17. e5 Rf5 18. Bxf5 exf5 19. exd6 Bxd6
20. g6 $40) 16. Qh6 Ne5 (16... Bf8 17. Qh3 Bg7 18. f4 $1 (18. Bxb5 $6 O-O $1
$44) 18... O-O 19. f5 $40) 17. Qg7 Rf8 18. f4 Nec4 19. Bxc4 (19. Bd2 $5) 19...
Nxc4 20. Rd3 e5 21. Nf3 f5 $1 (21... Nxe3 22. Rdxe3 exf4 23. Rd3 $36) 22. Qxh7
(22. gxf6 Bxf6 23. Qxc7 Rxc7 $15) 22... fxe4 23. Qxg6+ Kd8 (23... Rf7 $2 24.
Nxe4 Nxe3 25. Rc3 Nc4 26. fxe5 dxe5 27. Nf6+ Bxf6 28. gxf6 $18) 24. Nxe4 Nxb2
$2 (24... Nxe3 $5 25. Rc3 Nc4 26. fxe5 (26. f5 $5 $146) 26... d5 (26... Bxe4
27. Rxe4 (27. Qxe4 $2 Rxf3 $1 $19) 27... d5 28. Rd4 Qc6 29. Rxd5+ Qxd5 30. Rd3
Qxd3 31. Qxd3+ Kc7 32. h4 $15) 27. Nf6 (27. Nd4 Qxe5 28. Ne6+ Kd7 29. Nxf8+
Rxf8 30. Rxc4 Bxg5+ $1 31. Qxg5 Qxg5+ 32. Nxg5 dxc4 $14) 27... b4 28. Rb3 $1
bxa3 29. bxa3 $146) 25. Rxd6+ $1 (25. Rc3 $2 Nd3+ $1 26. Kd2 Bxe4 27. Rxc7 Bxg6
28. Rxc8+ Kxc8 29. cxd3 Bh5 $1 $19) 25... Bxd6 26. Nxd6 Bxf3 27. Nxc8 Kxc8 28.
Kxb2 exf4 29. Bb6 Qd7 30. Bc5 Rf7 31. Qg8+ Kb7 32. Re8 Rg7 33. Qf8 Rf7 34. Qh8
Rg7 (34... Rh7 35. Qe5 $18) 35. g6 Bg4 36. Rb8+ Kc6 37. Qf8 (37. Qf8 Rxg6 38.
Rb6+ Kc7 39. Qb8#) 1-0

[Event "RUS-Cup03 Geller Memorial"]
[Site "Moscow"]
[Date "1999.02.07"]
[Round "6"]
[White "Virovlansky, Semen"]
[Black "Kalugin, Sergei G"]
[Result "0-1"]
[WhiteElo "2410"]
[BlackElo "2355"]
[Annotator "Ftacnik,L"]
[PlyCount "56"]
[EventDate "1999.02.10"]
[EventType "swiss"]
[EventRounds "9"]
[EventCountry "RUS"]
[SourceTitle "CBM 070"]
[Source "ChessBase"]
[SourceDate "1999.06.08"]
[SourceVersion "1"]
[SourceVersionDate "1999.06.08"]
[SourceQuality "1"]

1. e4 c5 2. Nf3 Nc6 3. d4 cxd4 4. Nxd4 Nf6 5. Nc3 d6 6. Be3 e6 7. Bc4 Be7 8.
Bb3 a6 9. Qe2 Qc7 10. O-O-O b5 11. Kb1 {The feeling says, that white move is
just too slow for this sharp line. It makes more sense to start with immediate
action on the kingside.} (11. a3 Na5 12. g4 Nxb3+ 13. Nxb3 Bb7 14. f3 Rc8 15.
g5 Nd7 16. f4 O-O 17. Rhg1 d5 18. exd5 Bxa3 19. Rd3 Bd6 20. dxe6 fxe6 21. Rgd1
{1-0 Ferenczi,C-Kovacs,L/HUN 1997/ (29)}) (11. f3 Na5 12. g4 Nxb3+ (12... O-O
13. g5 Nxb3+ 14. axb3 Nd7 15. f4 b4 16. Na4 Nc5 17. f5 Nxe4 18. f6 Nxf6 19.
gxf6 Bxf6 20. Rhg1 Bd7 21. Bh6 Kh8 22. Qf2 {1-0 Osadchenko,A-Chernovetsky,V/
Moscow 1997/ (39)}) 13. axb3 b4 (13... Nd7 14. f4 (14. h4 b4 (14... Nc5 15. Kb1
Bd7 16. Bg5 b4 17. Na2 a5 18. Bxe7 Kxe7 19. Nb5 Bxb5 20. Qxb5 Rab8 21. Qc4 Qb6
22. Qd4 e5 23. Qd5 {1-0 Desjardins,A-Vokey,C/North Bay 1994/ (40)}) 15. Na4 Nc5
16. Qc4 Bd7 17. Kb1 Qa5 18. Nxc5 dxc5 19. Nf5 exf5 20. Rxd7 Qb5 21. Qd5 Rc8 22.
Rd1 fxg4 23. Bg5 {1-0 Haist,W-Hoffmann,H/Wuerttemberg-ch 1995/ (23)}) 14... b4
15. Na4 Nc5 16. Nxc5 dxc5 17. Nf3 Bb7 18. e5 Bd5 19. f5 a5 20. g5 Qc6 21. Rhf1
exf5 22. Nd2 a4 {0-1 Orsoni,J-Bourquin,P/Cannes 1999/ (27)}) 14. Na2 a5 15. Nb5
Qc6 16. g5 Nd7 17. Nd4 Qc7 18. f4 Ba6 19. Qh5 g6 20. Qh6 e5 21. Qg7 {1-0
Goletiani,R-Krivec,J/Duisburg 1992/ (30)}) (11. f4 Na5 12. f5 Nxb3+ 13. axb3 b4
14. Na4 e5 15. Nf3 Nxe4 16. Nb6 Rb8 17. Nd5 Qa5 18. Kb1 Bxf5 19. g4 Be6 20.
Nxe7 Kxe7 21. Qd3 d5 22. Nxe5 Rbc8 {0-1 Malinin,Y-Kalugin,S/Novgorod 1999/ (37)
}) (11. g4 Na5 12. g5 Nd7 13. Bxe6 fxe6 14. Nxe6 Qc4 15. Qxc4 Nxc4 16. Nc7+ Kd8
17. Ne6+ Ke8 18. Nc7+ Kd8 19. Ne6+ {1/2-1/2 Dobias,R-Cvek,R/Litomysl 1994/ (19)
}) 11... Na5 12. a3 Nxb3 13. cxb3 Bb7 14. Rc1 Qb8 (14... Nxe4 $2 15. Ncxb5 $18)
15. f3 O-O 16. g4 Re8 17. g5 Nd7 18. h4 (18. Rhe1 d5 $1 $15) 18... d5 $1 {
Black has two bishops and well prepared pieces for the opening of the center.}
19. exd5 exd5 20. b4 (20. Nc2 Qe5 $15) 20... Bd6 21. Qd2 (21. Nf5 Be5 $17)
21... a5 $1 22. Ncxb5 (22. bxa5 b4 $1 23. Ncb5 (23. axb4 Bxb4 $17) 23... bxa3
$17) 22... axb4 23. Nf5 $2 (23. axb4 Ne5 (23... Bxb4 $6 24. Qxb4 Rxe3 25. Nc7
Ra7 26. Qd2 $14) 24. b3 Ba6 25. Nxd6 Qxd6 26. b5 Bb7 $15) 23... Bf8 24. Bf4 (
24. axb4 Ne5 $1 25. Nc7 Nxf3 26. Qd3 d4 $19) 24... Ne5 25. Nc7 (25. Bxe5 Rxe5
26. Qf4 bxa3 27. Rc7 Qe8 $19) 25... Nxf3 26. Qd3 d4 $1 {The key move of the
whole black's tactical concept. White queen in the center will become the
cause of the demise of her forces.} 27. Nxe8 (27. Nd5 Bxd5 28. Bxb8 Be4 29.
Qxe4 Nd2+ 30. Ka2 Nxe4 $19) 27... Qxf4 28. Ned6 (28. Nh6+ gxh6 (28... Kh8 29.
Rc7 Be4 30. Nxf7+ Kg8 31. Nh6+ gxh6 32. Nf6+ Qxf6 $19) 29. Nf6+ Qxf6 30. gxf6
Be4 $19) 28... Bxd6 0-1

[Event "UKR-ch KO 74th"]
[Site "Rivne"]
[Date "2005.09.02"]
[Round "5.2"]
[White "Efimenko, Zahar"]
[Black "Areshchenko, Alexander"]
[Result "1-0"]
[WhiteElo "2643"]
[BlackElo "2625"]
[Annotator "Ftacnik,L"]
[PlyCount "59"]
[EventDate "2005.08.24"]
[EventType "k.o."]
[EventRounds "5"]
[EventCountry "UKR"]
[SourceTitle "CBM 109"]
[Source "ChessBase"]
[SourceDate "2005.11.14"]
[SourceVersion "1"]
[SourceVersionDate "2005.11.14"]
[SourceQuality "1"]

1. e4 c5 2. Nf3 d6 3. d4 cxd4 4. Nxd4 Nf6 5. Nc3 a6 6. Bc4 e6 7. Bb3 Nc6 8. Be3
Be7 9. Qe2 Qc7 10. O-O-O Na5 11. g4 b5 12. g5 Nxb3+ 13. axb3 Nd7 14. h4 b4 15.
Na4 Nc5 16. h5 Bd7 17. Kb1 Bxa4 18. bxa4 Nxa4 19. g6 Bf6 20. f4 (20. gxf7+ Kxf7
(20... Qxf7 21. Qc4 (21. h6 g6 22. Qg4 O-O 23. Qxe6 Qxe6 24. Nxe6 Rfc8 25. Bd4
{1-0 Pjalmi,E-Camilleri,H/Zouberi 1993/ (60)}) 21... O-O 22. Qxe6 Qxe6 23. Nxe6
Rf7 24. Bd4 Re8 25. Bxf6 Rxf6 (25... Rxe6 26. Bh4 Nc5 27. Rd4 a5 28. e5 dxe5
29. Rd5 Nb7 {0-1 Grosar,K (2225)-Schoen,W (2410)/Pula 1998/ (49)}) 26. Nc7 Rxe4
27. Rd2 Nc5 28. Rhd1 Rh4 29. Rxd6 Rxd6 30. Rxd6 Rxh5 {0-1 Wang Pin (2345)
-Chiburdanidze,M (2505)/Shanghai 1992/ (42)}) 21. h6 g6 22. Qf3 Rhf8 23. e5
dxe5 24. Nxe6 Kxe6 25. Qg4+ Ke7 26. Qxb4+ Kf7 27. Qb3+ Ke7 28. Qxa4 {1-0
Planinec,A-Beliavsky,A/Hastings 1974/ (35)}) (20. Qg4 Qc4 (20... Rb8 21. gxf7+
Qxf7 22. Qxe6+ Qxe6 23. Nxe6 Nxb2 24. Rxd6 Nc4 25. Rxa6 Na3+ 26. Kc1 Rc8 {
1/2-1/2 Ashton,A (2152)-Ramaswamy,A (2290)/Torquay 2002/ (66)}) 21. gxf7+ Kxf7
22. f4 Rhb8 23. b3 Nc3+ 24. Kc1 Qc8 25. e5 dxe5 26. fxe5 Bxe5 27. Rdf1+ Kg8 28.
Nxe6 {1-0 Ippolito,M-Badii,M (2255)/Paris 1994/ (39)}) 20... O-O 21. h6 $5 $146
{[%mdl 4] It is a bit surprizing, that nobody really tried this standard way
of opening the file on the kingside. Efimenko is not afraid of investing yeat
another pawn for the very good cause.} (21. gxf7+ Rxf7 22. h6 Rb8 23. Qxa6 Nxb2
$1 24. Nxe6 Qc3 25. Bd4 Bxd4 26. Rxd4 b3 $19 27. cxb3 Qxb3 {0-1 Wolff,P (2540)
-Fishbein,A (2470)/New York 1990/}) 21... hxg6 (21... gxh6 $2 22. gxh7+ Kxh7
23. Rxh6+ Kxh6 24. Rh1+ $18) (21... fxg6 22. hxg7 (22. Nxe6 Qc3 23. Bc1 Nxb2
24. e5 Nxd1 25. Qxd1 (25. exf6 Rxf6 26. Rxd1 Re8 27. Rxd6 b3 $19) 25... Rfc8
26. exf6 gxf6 $17) 22... Rfe8 23. Qf3 Bxg7 24. Qh3 Bxd4 25. Rxd4 Rab8 (25...
Rac8 26. Rc4 Qd7 27. Rxb4 $13) 26. f5 exf5 27. exf5 Qg7 28. Bc1 $14) 22. f5
Rfb8 {Black had a very well hidden idea, that might have given him great
counterplay beginning with 22...exf5!?} (22... exf5 $5 23. hxg7 Bxg7 24. Qh2
Rfb8 (24... Rfc8 25. Qh7+ Kf8 26. Bh6 Bxh6 27. Qxh6+ Ke7 28. exf5 $18) 25. exf5
Nc3+ 26. bxc3 bxc3+ 27. Nb3 Qc4 28. Kc1 Rxb3 29. cxb3 Qxb3 $13) 23. hxg7 Bxg7
$2 (23... Bxd4 24. Bxd4 Nc3+ 25. Bxc3 bxc3 26. b3 Kxg7 27. Rdf1 Rg8 28. Qf3 $18
) (23... b3 24. cxb3 Nc5 25. Qh2 Bxg7 26. fxg6 $16) (23... exf5 $5 24. Qh2 Bxg7
25. exf5 Nc3+ $1 $13) 24. fxg6 f5 (24... fxg6 25. Qg4 g5 (25... Nc3+ 26. bxc3
bxc3+ 27. Kc1 Bxd4 28. Qxg6+ Bg7 29. Rdf1 $18) 26. Qxe6+ Qf7 27. Qxd6 Rd8 28.
Qh2 $18) 25. Rh7 Ra7 (25... Qc3 26. Rxg7+ Kxg7 27. Nxe6+ Kg8 28. Bd4 $18) (
25... Qa5 26. Qc4 d5 27. exd5 Nc3+ 28. bxc3 Bxd4 29. Qc8+ $1 Rxc8 30. Bxd4 $18)
26. exf5 Qa5 {Areschenko must have realized, that tactics works misserably for
him, so he tries to use the brute force on the queenside.} (26... exf5 27.
Rxg7+ $1 Qxg7 (27... Kxg7 28. Ne6+ $18) 28. Qc4+ $18) 27. Qc4 $1 (27. f6 $2
Bxf6 28. Rxa7 Nc3+ $1 29. bxc3 bxc3+ 30. Nb3 Rxb3+ $1 31. cxb3 c2+ 32. Kxc2
Qc3+ 33. Kb1 Qa1+ 34. Kc2 Qc3+ $11) 27... Qe5 (27... d5 28. Qc6 Nc3+ 29. bxc3
bxc3+ 30. Nb3 Qa3 31. Rxg7+ Rxg7 32. Qxe6+ Kf8 33. Qf6+ Kg8 34. Qxc3 $18) 28.
Qxe6+ Qxe6 29. Nxe6 Nxb2 30. Rxg7+ (30. Rxg7+ Rxg7 31. Kxb2 $18) 1-0

[Event "Biel GM"]
[Site "Biel"]
[Date "1999.07.24"]
[Round "6"]
[White "Onischuk, Alexander"]
[Black "Avrukh, Boris"]
[Result "0-1"]
[WhiteElo "2657"]
[BlackElo "2588"]
[Annotator "Ftacnik,L"]
[PlyCount "98"]
[EventDate "1999.07.19"]
[EventType "tourn"]
[EventRounds "10"]
[EventCountry "SUI"]
[EventCategory "14"]
[SourceTitle "CBM 072"]
[Source "ChessBase"]
[SourceDate "1999.10.01"]
[SourceVersion "1"]
[SourceVersionDate "1999.10.01"]
[SourceQuality "1"]

1. e4 c5 2. Nf3 d6 3. d4 cxd4 4. Nxd4 Nf6 5. Nc3 Nc6 6. Bc4 e6 7. Be3 Be7 8. f4
O-O 9. Qf3 Nxd4 10. Bxd4 Qa5 11. O-O e5 12. Be3 exf4 13. Qxf4 Be6 14. Bb3 (14.
Bxe6 fxe6 $11) 14... Qh5 15. h3 Qg6 16. Qf3 a6 $6 {Black is not alert to the
danger of the radical change in the character of the position. His pawn
structure will become inferior, even though not without counterchances.} (16...
Rfe8 17. e5 $6 dxe5 18. Bxe6 fxe6 19. Qxb7 Rab8 20. Qc6 Rxb2 21. Qxe6+ Kh8 $17)
17. e5 $1 (17. Nd5 Nxd5 18. exd5 Bd7 19. c4 Rae8 $11) (17. Bf4 Rac8 18. Rad1
$14) 17... dxe5 18. Bxe6 fxe6 19. Qxb7 Rfe8 20. Rf2 Bf8 (20... Rab8 21. Qxa6
Rxb2 22. Qxe6+ $16) 21. Rb1 (21. Ba7 $5 Qf7 (21... e4 22. Re1 $16) 22. Qxf7+
Kxf7 23. Be3 Rab8 24. b3 Rec8 25. Na4 $14) 21... Kh8 22. Qc7 Rad8 23. Rbf1 (23.
Qxe5 Bd6 24. Qa5 Qg3 25. Bb6 Nd5 $1 $13) 23... e4 24. Qc6 (24. Qa5 Bd6 25. Qxa6
Qg3 26. Bf4 Bxf4 27. Rxf4 Rd2 28. R4f2 e3 29. Re2 $16) 24... Bd6 25. Ne2 (25.
Qxa6 Qg3 26. Bf4 Bxf4 27. Rxf4 Rd2 28. R4f2 e3 29. Re2 (29. Rxd2 exd2 30. Qe2
Qd6 31. Rf3 e5 32. Rd3 Qb6+ 33. Kh2 e4 34. Rxd2 Qxb2 $11) 29... Qg6 $14) 25...
Be5 26. c3 (26. Qxa6 Bxb2 $14) 26... Nd5 (26... Rd3 27. Bf4 e3 28. Rf3 $16) 27.
Bd4 Bxd4 28. Nxd4 (28. cxd4 Ne3 29. Nf4 Qg3 $11) 28... h6 29. Qxa6 e3 30. Rf3 (
30. Rf7 Qe4 (30... e2 31. Qxe2 (31. Nxe2 Ne3 32. R1f2 Nxg2 33. Kh2 Ne3 34. Qa7
$16) 31... e5) 31. Qe2 e5 32. Nf5 Nf4 33. Qg4 g6 $132) 30... Qe4 31. Qe2 e5 32.
Nb3 $6 (32. Qc2 $5 Qxc2 (32... exd4 33. Rf8+ Kh7 34. Qxe4+ Rxe4 35. Rxd8 Nf4
36. Rxd4 Ne2+ 37. Kh2 Nxd4 38. cxd4 Rxd4 39. Re1 Rd2 40. Rxe3 Rxb2 $16) (32...
Nf6 33. Rxf6 Qxc2 34. Nxc2 gxf6 35. Nxe3 $16) 33. Nxc2 e2 34. Re1 Nf4 35. b3
Rd2 36. Nb4 Red8 37. Kf2 $16) 32... Qg6 $1 {[%mdl 2048] Black shows great
skill in exploiting the chances for counterplay, his pieces will come to life
with the surprising vigour.} 33. g4 (33. Re1 Nf4 34. Qf1 e2 35. Rxe2 Nxe2+ 36.
Qxe2 Qb1+ 37. Kh2 Qxa2 $17) (33. Kh2 Nf4 34. Rxf4 exf4 35. Rxf4 Qd6 36. g3 Qd1
$19) 33... Nf4 34. Qxe3 Rd3 35. Qe1 (35. Qc5 Nxh3+ 36. Kh2 Qxg4 37. Qc6 (37.
Rxd3 Qe2+ 38. Kg3 Nf4 $1 $17) 37... Nf4 $1 38. Rxd3 Qh5+ 39. Kg1 Nxd3 $19)
35... Nxh3+ 36. Kh2 Ng5 (36... Rxf3 37. Rxf3 Nf4 38. Qg1 $13) 37. Re3 (37. Rf8+
Rxf8 38. Rxf8+ Kh7 $19) (37. Rxd3 Qxd3 38. Qd1 Qh3+ 39. Kg1 Qg3+ 40. Kh1 e4 41.
Nd4 e3 $17) 37... Red8 38. Nc1 $2 {The movement of this knight is not very
fortunate in the defense, black gets closer to the enemy's king.} (38. Rf5 $5
Qd6 39. Rxd3 Qxd3 40. Qf1 Qd6 41. Kh1 $13) 38... Rxe3 39. Qxe3 e4 40. Kg3 (40.
Rf4 Rd1 41. Ne2 Rd3 $17) 40... Nf3 41. Qf4 (41. b4 Rf8 42. Qc5 Qf6 43. Rh1 Qf4+
$19) (41. Ne2 $2 Nd2 $19) 41... Kg8 42. Qf5 (42. Rh1 Rf8 43. Qc7 Nd2 $17) 42...
Qd6+ 43. Qf4 Qe7 44. Kg2 (44. Rh1 Rf8 45. Qe3 Nh4 46. Rxh4 Rf3+ 47. Qxf3 exf3
48. Rh1 Qd6+ 49. Kh3 Qd2 $19) 44... Rf8 45. Qg3 Nh4+ 46. Kg1 Qc5+ 47. Rf2 Nf3+
48. Kg2 (48. Kf1 Qd5 49. Kg2 Qd1 $19) (48. Kh1 Rd8 49. Ne2 Rd2 $19) 48... h5
49. Nd3 (49. gxh5 Rf5 50. Nd3 Qe3 $19) 49... exd3 (49... exd3 50. Rxf3 Qd5 51.
Kf2 (51. gxh5 d2 $19) 51... Rxf3+ 52. Qxf3 Qxf3+ 53. Kxf3 hxg4+ $19) 0-1